Law of pakki & katchi adat and teji-mandi contracts (Record no. 1130002)

MARC details
000 -LEADER
fixed length control field 00655nam a2200241Ia 4500
003 - CONTROL NUMBER IDENTIFIER
control field OSt
005 - DATE AND TIME OF LATEST TRANSACTION
control field 20221007062957.0
008 - FIXED-LENGTH DATA ELEMENTS--GENERAL INFORMATION
fixed length control field 221006b |||||||| |||| 00| 0 eng d
037 ## - SOURCE OF ACQUISITION
Terms of availability Textual
040 ## - CATALOGING SOURCE
Original cataloging agency FLL
Transcribing agency FLL
Language of cataloging eng
041 ## - LANGUAGE CODE
Source of code eng
Language code of text/sound track or separate title eng
100 ## - MAIN ENTRY--PERSONAL NAME
Personal name Mody Ramnikla R.
9 (RLIN) 683667
245 #0 - TITLE STATEMENT
Title Law of pakki & katchi adat and teji-mandi contracts
250 ## - EDITION STATEMENT
Edition statement 2nd
260 ## - PUBLICATION, DISTRIBUTION, ETC.
Place of publication, distribution, etc. Bombay
Name of publisher, distributor, etc. N.M. Tripathi & Co. India
Date of publication, distribution, etc. 1937
300 ## - PHYSICAL DESCRIPTION
Extent 246p
Dimensions cm.
942 ## - ADDED ENTRY ELEMENTS (KOHA)
Classification part X65:Z2:32, G7
Koha item type Textual
Source of classification or shelving scheme Colon Classification (CC)
Holdings
Withdrawn status Lost status Source of classification or shelving scheme Damaged status Not for loan Home library Current library Date acquired Total Checkouts Full call number Barcode Date last seen Price effective from Koha item type
    Colon Classification (CC)     Faculty of Law Library Faculty of Law Library 2022-10-07   X65:Z2:32 G7 LL0040511 2022-10-07 2022-10-07 Textual
Copyright @ Delhi University Library System